00416nam a2200145Ia 4500003000400000005001700004008004100021040001800062041000800080082001700088100005800105110002700163245006000190260002000250OSt20260303102756.0211028s2003 xx 000 0 und d cAIMIT LIBRARY aeng a006.671 MATD aMathias, D Silva Rajesh;D Souza, Anil Prakash.g92160 aD Souza, Anil Prakash. aImplementation of java message service infrastructure / aBangalorec2003